000 01240nam a2200229Ia 4500
001 L330-23814
003 IT-CnALBA
008 170116s9999||||xx |||||||||||||| ||und||
040 _aIT-CnALBA
_cIT-CnALBA
041 _aITALIANO
100 _aCANTONO D. ALESSANDRO, SAC. DOTT.
245 0 _aIL CONFERENZIERE SOCIALE. SCHEMI DI CONFERENZE.
250 _a1a ed.
260 _aROMA TREVISO PARMA
_bBUFFETTI LUIGI EDITORE
_c1921 [1° Ed.:1921 - Ed.Ling.Originale: 1921]
300 _a140 p. (prefazione: 9)
500 _aCHIESA E QUWSTIONE SOCIALE. ECONOMIA POLITICA E MORALE CRISTIANA. LIBERALISMO. PROGRAMMA FILOSOFICO DEL SOCIALISMO. COLLETTIVISMO. MOVIMENTO E AZIONE CATTOLICA IN ITALIA. ORGANIZZAZIONI PROFESSIONALI. SINDACATO CRISTIANO. CLERO. PROLETARI RURALI. LAVORO S
501 _aSocietà San Paolo EM - Piazza San Paolo, 14 - 12051 ALBA (CN) (non commercial uses only) ® Copyright 2017
520 _aCHIESA E QUWSTIONE SOCIALE. ECONOMIA POLITICA E MORALE CRISTIANA. LIBERALISMO. PROGRAMMA FILOSOFICO DEL SOCIALISMO. COLLETTIVISMO. MOVIMENTO E AZIONE CATTOLICA IN ITALIA. ORGANIZZAZIONI PROFESSIONALI. SINDACATO CRISTIANO. CLERO. PROLETARI RURALI. LAVORO S
650 _aECONOMIA
942 _cBK
957 _71
999 _a28557
_bSI
_g Copie: 1
_c282913
_d282913